000
00278nam a2200097Ia 4500
008
241105s9999 xx 000 0 und d
041
_a
eng
100
_a
Chaudhari Janhavi
_9
182988
245
_a
Ikea Headquarters, Mumbai
260
_b
BNCA M.Arch. Landscape Architecture
_a
Pune
_c
2019
999
_c
362120
_d
362120